000
00313nam a2200121Ia 4500
008
220204s9999 xx 000 0 und d
082
_a
002.71041
_b
BER
100
_a
Berko, Roy M
245
0
_a
Communicating: A social and career focus
260
_a
London
_b
Houghton
_c
1977
650
_a
Communication
942
_c
BK
999
_c
26743
_d
26743